Three act tragedy: a Hercule Poirot novel (Record no. 4910)
[ view plain ]
| 000 -LEADER | |
|---|---|
| fixed length control field | 00933 a2200241 4500 |
| 020 ## - INTERNATIONAL STANDARD BOOK NUMBER | |
| International Standard Book Number | 0007120907 |
| 035 ## - SYSTEM CONTROL NUMBER | |
| System control number | (OCoLC)ocm46327668 |
| 040 ## - CATALOGING SOURCE | |
| Original cataloging agency | DLC |
| Language of cataloging | DLC |
| 100 1# - MAIN ENTRY--PERSONAL NAME | |
| Personal name | Christie, Agatha, |
| 245 10 - TITLE STATEMENT | |
| Title | Three act tragedy: a Hercule Poirot novel |
| Remainder of title | a Hercule Poirot novel |
| Statement of responsibility, etc. | Christie, Agatha |
| 246 13 - VARYING FORM OF TITLE | |
| Title proper/short title | Murder in three acts |
| 250 ## - EDITION STATEMENT | |
| Edition statement | Berkley ed. |
| 260 ## - PUBLICATION, DISTRIBUTION, ETC. | |
| Place of publication, distribution, etc. | New York : |
| Name of publisher, distributor, etc. | Berkley Books, |
| Date of publication, distribution, etc. | 1984, c1934. |
| 300 ## - PHYSICAL DESCRIPTION | |
| Extent | 319 p. ; |
| Dimensions | 18 cm. |
| 490 0# - SERIES STATEMENT | |
| Series statement | Berkley mystery |
| 500 ## - GENERAL NOTE | |
| General note | Also published as: "Murder in three acts." |
| 650 #0 - SUBJECT ADDED ENTRY--TOPICAL TERM | |
| Topical term or geographic name entry element | Poirot, Hercule (Fictitious character) |
| 655 #7 - INDEX TERM--GENRE/FORM | |
| Genre/form data or focus term | Mystery fiction. |
| 710 2# - ADDED ENTRY--CORPORATE NAME | |
| Corporate name or jurisdiction name as entry element | Copyright Paperback Collection (Library of Congress) |
| 856 42 - ELECTRONIC LOCATION AND ACCESS | |
| Materials specified | Contributor biographical information |
| Uniform Resource Identifier | <a href="http://www.loc.gov/catdir/enhancements/fy0717/2003612423-b.html">http://www.loc.gov/catdir/enhancements/fy0717/2003612423-b.html</a> |
| 856 42 - ELECTRONIC LOCATION AND ACCESS | |
| Materials specified | Publisher description |
| Uniform Resource Identifier | <a href="http://www.loc.gov/catdir/enhancements/fy0717/2003612423-d.html">http://www.loc.gov/catdir/enhancements/fy0717/2003612423-d.html</a> |
| 942 ## - ADDED ENTRY ELEMENTS (KOHA) | |
| Koha item type | Book |
| Call number prefix | 823.912 CHR |
| Source of classification or shelving scheme | |
| Withdrawn status | Lost status | Damaged status | Not for loan | Collection code | Permanent Location | Current Location | Shelving location | Date acquired | Source of acquisition | Cost, normal purchase price | Total Checkouts | Total Renewals | Full call number | Barcode | Date last seen | Date last checked out | Price effective from | Koha item type | Source of classification or shelving scheme | Copy number |
|---|---|---|---|---|---|---|---|---|---|---|---|---|---|---|---|---|---|---|---|---|
| Central Library (CL) | Central Library (CL) | Fiction | 12/16/2004 | Allied Book Company | 175.50 | 1 | 1 | 823.912 CHR | SEECS005187 | 09/12/2025 | 08/05/2025 | 01/05/2017 | Book | |||||||
| Central Library (CL) | Central Library (CL) | Fiction | 12/16/2004 | Allied Book Company | 175.50 | 4 | 1 | 823.912 CHR | SEECS005186 | 03/26/2026 | 03/13/2026 | 01/05/2017 | Book | |||||||
| Central Library (CL) | Central Library (CL) | Fiction | 01/24/2017 | 1 | 823.912 CHR | CL1485 | 05/18/2019 | 03/04/2019 | 01/24/2017 | Book | 1 |
